Culture and the Public Sphere /

A partir de los trabajos de Pierre Bourdieu, Michel Foucault y Jürgen Habermas sobre teoría social, se hace en esta obra un estudio interdisciplinario de las políticas culturales en Estados Unidos, Inglaterra y Australia.

Gorde:
Xehetasun bibliografikoak
Egile nagusia: McGuigan, Jim (autor)
Formatua: Liburua
Hizkuntza:ingelesa
Argitaratua: Londres, Inglaterra : Routledge, 1996, c1996
Gaiak:
Etiketak: Etiketa erantsi
Etiketarik gabe, Izan zaitez lehena erregistro honi etiketa jartzen!

MARC

LEADER 00000nam^a2200000^a^4500
001 000139881
005 20250521000000.0
009 20260310095518.905
020 |a 0-415-11263-X 
037 |a Acervo ITESO - Biblioteca 
041 |a ING 
082 |a 306. 4  |b MCG 
100 |a McGuigan, Jim  |e (autor) 
245 1 0 |a Culture and the Public Sphere /  |c J. McGuigan. 
264 4 |a Londres, Inglaterra :  |b Routledge,  |c 1996, c1996 
300 |a X, 220 p. 
336 |a texto  |b txt  |2 rdacontenido 
337 |a sin mediación  |b n  |2 rdamedio 
338 |a volumen  |b nc  |2 rdasoporte 
520 |a A partir de los trabajos de Pierre Bourdieu, Michel Foucault y Jürgen Habermas sobre teoría social, se hace en esta obra un estudio interdisciplinario de las políticas culturales en Estados Unidos, Inglaterra y Australia. 
649 |a XX 
650 |a Identidad Cultural 
650 |a Identidad Nacional 
650 |a Diferencia y Otredad 
650 |a Poder (Ciencias Sociales) 
650 |a Arte -  |x Comercio 
650 |a Cultura de Masas 
650 |a Valoración Patrimonial e Histórica 
650 |a Restauración y Conservación Urbana 
650 |a Censura 
650 |a Etica 
650 |a Cultura -  |z EUA 
650 |a Cultura -  |z Inglaterra 
650 |a Cultura -  |z Australia 
650 |a Tecnologías de Comunicación e Información 
650 |a Comunicación Masiva 
650 |a Política Cultural -  |z EUA 
650 |a Política Cultural -  |z Inglaterra 
650 |a Política Cultural -  |z Australia 
650 |a Sociología de la Comunicación 
650 |a Sociología de la Cultura 
910 |a Fondo General 
920 |a Impresos - Libros 
930 |a Colección General 
905 |a 101 
901 |a 0500068009  |b IT1  |c ACC  |u 20250521 
902 |a https://opac.biblio.iteso.mx/vufind/Record/000139881